000 00962cam a22002653a 4500
001 14061
003 PGUSA
005 20140828083312.0
008 041116s2004||||xxu|||||s|||||000 | eng d
040 _aPGUSA
_beng
042 _adc
050 4 _aPR
100 1 _aStowe, Harriet Beecher,
_d1811-1896
245 1 0 _aLady Byron Vindicated :
_bA history of the Byron controversy from its beginning in 1816 to the present time
_h[electronic resource] /
_cHarriet Beecher Stowe
260 _bProject Gutenberg,
_c2004
506 _aPublic domain in the USA.
516 _aElectronic text
653 _aByron, George Gordon Byron, Baron, 1788-1824 -- Marriage
653 _aPoets, English -- 19th century -- Biography
653 _aByron, Anne Isabella (Milbanke) Byron, Baroness, 1792-1860
653 _aAuthors' spouses -- Great Britain -- Biography
830 0 _aProject Gutenberg
_v14061
856 4 0 _uhttp://www.gutenberg.org/ebooks/14061
942 _cEB
999 _c243316
_d243316